000 00420nam a2200145 4500
001 137152
003 ES-MaACL
007 t|
008 070214s1975 sp r ||||1| spa d
100 1 _aSalvador Martínez, H.
_9102095
245 1 3 _aEl `Poema de Almería` y la épica románica /
_cH. Salvador Martínez.
260 _aMadrid :
_bGredos,
_c1975.
300 _a478 p. ;
_c21 cm.
852 _aES-MaACL
_jE-7338
_bR.91970
999 _c137152
_d137152